000
00322nam a2200145Ia 4500
100
_a
Walters Rob
942
_c
RB
654
_a
computers
245
_a
Computers- Mediated communication : Genesis
260
_b
Artech house
_a
Boston
_c
1995
082
_a
651.7
_b
WAL
300
_a
420
546
_a
ENGLISH
999
_c
19478
_d
19478